000 00551nam a22001937a 4500
005 20260120154726.0
008 260120b |||||||| |||| 00| 0 eng d
020 _a9788180545825
040 _cSGVU LIBRARY
082 _a651.374 1 GHP A
100 _aGHOSH P K
_939733
245 _aAN OUTLINE OF COMPANY SECRETARIAL PRACTICE
250 _a13TH
260 _aNEW DELHI
_bSULTAN CHAND & SONS
_c2009
300 _a1.398P
_bPB
650 _aMANAGEMENT
_yK1619
_939734
700 _aBALACHANDRAN V
_933238
942 _2ddc
_cBOOKS
_k651.374 1 GHP A
999 _c89968
_d89968